A Reference Book on Commerce and Management: (Record no. 182102)

MARC details
000 -LEADER
fixed length control field 00659nam a22002057a 4500
005 - DATE AND TIME OF LATEST TRANSACTION
control field 20220113143412.0
010 ## - LCCN (DPL NO)
LC control number ENG-130060
020 ## - INTERNATIONAL STANDARD BOOK NUMBER
International Standard Book Number 978-81-954010-3-1
Terms of availability 400.00
035 ## - SYSTEM CONTROL NUMBER
System control number EN-113592
037 ## - SOURCE OF ACQUISITION
Source of stock number/acquisition DBAD/PUB
082 ## - DEWEY DECIMAL CLASSIFICATION NUMBER
Classification number 381
Edition number 2021
100 ## - MAIN ENTRY--PERSONAL NAME
Personal name Misra Rajeev,Nigam Bhawana
245 ## - TITLE STATEMENT
Title A Reference Book on Commerce and Management:
Statement of responsibility, etc by Rajeev Misra , Bhawana Nigam
250 ## - EDITION STATEMENT
Edition statement 2021
260 ## - PUBLICATION, DISTRIBUTION, ETC. (IMPRINT)
Name of publisher, distributor, etc Social Research Foundation
Date of publication, distribution, etc 2021
Place of publication, distribution, etc Kanpur
270 ## - ADDRESS
Address 128/170 ,H - Block , kidwai Nagar
Postal code 11
City Kanpur
Telephone number 9335332333
300 ## - PHYSICAL DESCRIPTION
Extent 116p
Dimensions 22cm (hbk)
700 ## - ADDED ENTRY--PERSONAL NAME
Personal name By Rajeev Misra, Bhawana Nigam
942 ## - ADDED ENTRY ELEMENTS (KOHA)
Source of classification or shelving scheme Dewey Decimal Classification
Item type English Books
Classification part 381
Call number suffix MIS
Holdings
Withdrawn status Lost status Not for loan Collection code Home library Current library Date acquired Source of acquisition Cost, normal purchase price Full call number Barcode Copy number Cost, replacement price Koha item type
      Non-fiction Mobile Library Mobile Library 25/10/2021 DBAD/PUB 400.00 381 MIS EN-113592 1 400.00 English Books

© Delhi Public Library
Hit Counter
free hit counter